00464nam a2200193 a 4500001001300000003000900013005001700022008004100039020001000080082001400090100002100104245002200125260003300147300000800180500003500188505001300223650001300236700002100249nice12345678IN_TiNIC20260116012707.0050524s1935 beia grp 000 0 eng  ac10000a200bLEV1 aLevonian, Lootfy aWhat Is Religion? aBeirutbAmerican Pressc1935 a14p aincludes index and biblioraphy2 aAppendix aReligion1 aLevonian, Lootfy